| 000 | 00400nam a22001337a 4500 | ||
|---|---|---|---|
| 008 | 160811b xxu||||| |||| 00| 0 eng d | ||
| 050 | _aPN2101.R55 | ||
| 100 |
_aRoberts, Vera Mowery _924882 |
||
| 245 |
_aOn Stage _b:a history of theatre _c/Vera Mowry Roberts |
||
| 260 |
_aNew York _bHarper & Row _c1962 |
||
| 300 |
_avii,534p.; _c23cm. |
||
| 650 |
_aTheatre _xHistory _923392 |
||
| 942 |
_2lcc _cMONOGRAPH |
||
| 999 |
_c124945 _d124945 |
||